[Štúr, Ľudovít]

Zobrazenie: Podobizeň kodifikátora spisovnej slovenčiny, politika, básnika, publicistu, jazykovedca, novinára, redaktora a pedagóga Ľudovíta Štúra (29.10.1815 Uhrovec - 12.1.1856 Modra). Reprodukcia kresby, asi litografie od A. Jovanovića.

Bibliographic Details
Format: Photo
Language:Slovak
PhysicalDescription:1 fotografia čb 18 x 13 cm
Published: [S.l. s.n. s.a.]
Subjects:

MARC

LEADER 00000nkmaa2200000 a 4500
001 vtls010679583
003 SK-MaSNL
005 20260301040343.0
007 kh bo
008 230802n xx | |||0 k|slo
035 |a EDCBEEE0-F49C-46E1-AE7B-CB7A473ACEC8 
035 |a urn:nbn:sk:snk-kmxxml 
035 |a urn:nbn:sk:snk-km004z7m 
040 |a SNKLA  |b slo  |c SNKLA  |e AACR2 
041 0 |a slo 
245 0 0 |a [Štúr, Ľudovít]  |h grafika 
260 |a [S.l.  |b s.n.  |c s.a.] 
300 |a 1 fotografia  |b čb  |c 18 x 13 cm 
520 2 |a Zobrazenie: Podobizeň kodifikátora spisovnej slovenčiny, politika, básnika, publicistu, jazykovedca, novinára, redaktora a pedagóga Ľudovíta Štúra (29.10.1815 Uhrovec - 12.1.1856 Modra). Reprodukcia kresby, asi litografie od A. Jovanovića. 
600 1 7 |a Štúr, Ľudovít,  |d 1815-1856  |2 SNKMA  |9 92872 
655 7 |a portrétne fotografie  |2 SNKLA  |9 305796 
655 7 |a reprodukcie umeleckých diel  |2 SNKPH  |9 70730 
700 1 |a Jovanović, Anastas,  |d 1817-1899  |4 art  |9 340369 
852 7 |a Slovenská národná knižnica  |b Literárny archív 
958 |a BLA 
999 |c 586000  |d 587930 
952 |a SNKLA  |b SNKLA  |c SNKLA_DEP  |y NEVYP  |7 0  |p 17A1007208  |o snkK 19/4  |0 0  |1 0  |4 0  |d 2015-07-10  |f 1  |l 0  |r 2026-02-23 15:08:00  |w 2026-02-23